[Event "6th Sharjah Masters 2023"]
[Site "Sharjah UAE"]
[Date "2023.05.22"]
[Round "6.26"]
[White "Harsha, Bharathakoti"]
[Black "Chigaev, Maksim"]
[Result "1/2-1/2"]
[WhiteTitle "GM"]
[BlackTitle "GM"]
[WhiteElo "2602"]
[BlackElo "2628"]
[WhiteFideId "5078776"]
[BlackFideId "4108116"]
[EventDate "2023.05.17"]
[EventType "swiss"]

1. d4 Nf6 2. c4 e6 3. Nf3 d5 4. Nc3 Be7 5. Bf4 O-O 6. e3 c5 7. dxc5 Bxc5 8. Qc2
Nc6 9. Rd1 Qb6 10. Be2 Nb4 11. Qb1 dxc4 12. Bxc4 Nbd5 13. Bxd5 Nxd5 14. Nxd5
exd5 15. O-O h6 16. Be5 Be6 17. Bd4 Rac8 18. Rc1 Bxd4 19. Nxd4 Rxc1 20. Rxc1 Rc8
21. Rxc8+ Bxc8 22. Qc2 Bd7 23. h3 Qd6 24. a3 a5 25. Qd2 b6 26. Ne2 Qc5 27. Nc3
Bc6 28. h4 Qc4 29. Qd4 Qb3 30. Ne2 Qc4 31. Ng3 Qxd4 32. exd4 Kf8 33. Kh2 Ke7 34.
Nf5+ Kf6 35. Ne3 g5 36. g4 Kg6 37. h5+ Kh7 38. Kg3 f6 39. f3 Bb7 40. Kf2 Bc6 41.
Ke2 Kg7 42. Nf5+ Kf8 43. Ne3 Kg7 44. Kf2 Kh7 45. Kg3 Kg7 46. Nf5+ Kh7 47. Ne7
Bb7 48. b3 Kg7 49. Nf5+ Kh7 50. Ne7 Kg7 51. b4 axb4 52. axb4 b5 53. Nf5+ Kh7 54.
Ne7 Kg7 55. Nf5+ 1/2-1/2

[Event "6th Sharjah Masters 2023"]
[Site "Sharjah UAE"]
[Date "2023.05.22"]
[Round "6.27"]
[White "Karthikeyan, Murali"]
[Black "Bernadskiy, Vitaliy"]
[Result "1-0"]
[WhiteTitle "GM"]
[BlackTitle "GM"]
[WhiteElo "2627"]
[BlackElo "2592"]
[WhiteFideId "5074452"]
[BlackFideId "14100371"]
[EventDate "2023.05.17"]
[EventType "swiss"]

1. e4 e6 2. d4 d5 3. Nd2 c5 4. Ngf3 cxd4 5. Nxd4 Nf6 6. exd5 Nxd5 7. N2f3 Bb4+
8. Bd2 Bc5 9. Bb5+ Bd7 10. Bxd7+ Nxd7 11. O-O O-O 12. Qe2 Bxd4 13. Nxd4 Qb6 14.
Nb3 Rfc8 15. c4 Ne7 16. Bc3 Nf5 17. Rfd1 Qc7 18. Nd4 Nxd4 19. Rxd4 Nf8 20. Rg4
Ng6 21. h4 Qc5 22. Rg3 e5 23. h5 Nf4 24. Qg4 g6 25. Re1 f6 26. hxg6 hxg6 27. Re4
Kf8 28. Qh4 g5 29. Qh6+ 1-0

[Event "6th Sharjah Masters 2023"]
[Site "Sharjah UAE"]
[Date "2023.05.22"]
[Round "6.28"]
[White "Muradli, Mahammad"]
[Black "Sadhwani, Raunak"]
[Result "1-0"]
[WhiteTitle "GM"]
[BlackTitle "GM"]
[WhiteElo "2531"]
[BlackElo "2627"]
[WhiteFideId "13409301"]
[BlackFideId "35093487"]
[EventDate "2023.05.17"]
[EventType "swiss"]

1. d4 Nf6 2. c4 g6 3. Nc3 Bg7 4. e4 d6 5. Be2 O-O 6. Nf3 e5 7. Be3 Qe7 8. d5 Ng4
9. Bg5 f6 10. Bh4 Nh6 11. Nd2 a5 12. a3 Na6 13. Rb1 g5 14. Bg3 f5 15. exf5 Bxf5
16. Nde4 Nc5 17. Nxc5 Bxb1 18. Ne6 Bg6 19. Nxf8 Rxf8 20. Bh5 Qf7 21. Bxg6 Qxg6
22. f3 g4 23. O-O gxf3 24. Rxf3 Re8 25. Re3 e4 26. Bf4 Ng4 27. Rg3 h5 28. h3 Qf6
29. Ne2 Ne5 30. Bg5 Qf7 31. Bh6 Ng4 32. Bf4 Ne5 33. Bh6 Ng4 34. Bf4 Ne5 35. Be3
h4 36. Rg5 Nxc4 37. Bd4 Ne5 38. Qe1 Qxd5 39. Qxh4 c5 40. Qh6 Re7 41. Bxe5 dxe5
42. Ng3 Qd4+ 43. Kh2 Kf8 44. Rxg7 Rxg7 45. Nf5 Qd7 46. Qh8+ Rg8 47. Qf6+ Qf7 48.
Qh6+ Rg7 49. Qd6+ Ke8 50. Qxe5+ 1-0

[Event "6th Sharjah Masters 2023"]
[Site "Sharjah UAE"]
[Date "2023.05.22"]
[Round "6.29"]
[White "Jumabayev, Rinat"]
[Black "Ter-Sahakyan, Samvel"]
[Result "1/2-1/2"]
[WhiteTitle "GM"]
[BlackTitle "GM"]
[WhiteElo "2590"]
[BlackElo "2617"]
[WhiteFideId "13702661"]
[BlackFideId "13302531"]
[EventDate "2023.05.17"]
[EventType "swiss"]

1. Nf3 d5 2. e3 c5 3. b3 a6 4. Bb2 Nc6 5. d4 Nf6 6. dxc5 e6 7. a3 Bxc5 8. Nbd2
Qe7 9. c4 O-O 10. Qc2 Rd8 11. b4 Ba7 12. Bd3 dxc4 13. Nxc4 b5 14. Ncd2 Bb7 15.
Rc1 Rac8 16. Qb1 h6 17. O-O Nb8 18. Rxc8 Rxc8 19. Rc1 Rxc1+ 20. Qxc1 Qd6 21.
Bxf6 Qxd3 22. Bd4 Bxd4 23. Nxd4 Nd7 24. h3 Bd5 25. N2f3 Bc4 26. Nc6 Qd6 27. Na5
Ne5 28. Nxe5 Qxe5 29. Nb7 Qc7 30. Nc5 a5 31. Qd2 axb4 32. axb4 e5 33. Ne4 Qe7
34. Nd6 Qc7 35. f4 f6 36. fxe5 fxe5 37. Nxb5 Bxb5 38. Qd5+ Kh8 39. Qxb5 Qc1+ 40.
Kf2 Qd2+ 41. Kf3 e4+ 42. Kxe4 Qxg2+ 43. Kd4 Qd2+ 44. Ke4 Qg2+ 45. Kd4 Qd2+ 46.
Kc5 Qxe3+ 47. Kd6 Qf4+ 48. Kd7 Qf7+ 49. Kd8 Qf6+ 50. Kc7 Qe7+ 51. Kc8 Qe6+ 52.
Kb7 Qxh3 53. Qe8+ Kh7 54. Qe4+ Kh8 55. Qe8+ Kh7 56. Qe4+ Kh8 57. b5 Qd7+ 58. Ka6
Qc8+ 59. Ka7 Qc7+ 60. Ka6 Qc8+ 61. Qb7 Qe6+ 62. Qc6 Qe2 63. Ka7 Qe7+ 64. Kb8 h5
65. b6 Kh7 66. b7 Qd8+ 67. Ka7 Qa5+ 68. Qa6 Qc5+ 69. Qb6 Qa3+ 70. Qa6 Qc5+ 71.
Ka8 Qd5 72. Qa4 Kh6 73. Qb4 g6 74. Ka7 Qa2+ 75. Kb6 Qe6+ 76. Kc7 Qf7+ 77. Kd8
Qd5+ 78. Ke8 Qc6+ 79. Ke7 Qc7+ 80. Ke6 Qc6+ 81. Kf7 Qd5+ 82. Ke7 Qe5+ 83. Kd7
Qd5+ 84. Kc7 Qf7+ 85. Kc6 Qe8+ 86. Kd5 Qd7+ 87. Kc4 Qe6+ 88. Kd3 Qf5+ 89. Kd2
Qf2+ 90. Kc1 Qf1+ 91. Kc2 Qf5+ 92. Kb2 Qf2+ 93. Ka3 Qe3+ 94. Ka4 Qe8+ 95. Kb3
Qe6+ 96. Kc2 Qf5+ 97. Kb2 Qf2+ 98. Ka3 Qe3+ 99. Ka4 Qe8+ 100. Qb5 Qe4+ 101. Ka5
Qe1+ 102. Kb6 Qe6+ 103. Qc6 Qe3+ 104. Qc5 Qe6+ 105. Kc7 Qf7+ 106. Kc6 Qe8+ 107.
Kb6 Qe6+ 108. Ka7 Qd7 109. Qc3 h4 110. Kb6 Qd6+ 111. Qc6 Qb4+ 112. Qb5 Qd6+ 113.
Ka5 Qd8+ 114. Qb6 Qd5+ 115. Kb4 Qd2+ 116. Kb3 Qd3+ 117. Kb2 Qd2+ 118. Kb3 Qd3+
119. Ka4 Qd1+ 120. Ka5 Qa1+ 121. Kb5 Qf1+ 122. Kc6 Qf6+ 123. Kc7 Qe7+ 124. Kc8
Qe8+ 125. Qd8 Qc6+ 126. Qc7 Qe8+ 127. Qd8 Qc6+ 128. Kb8 h3 129. Qh4+ Kg7 130.
Qxh3 Qd6+ 131. Ka7 Qc5+ 132. Ka8 Qa5+ 133. Kb8 Qe5+ 134. Kc8 Qc5+ 135. Kd8 Qb6+
136. Kc8 Qc6+ 1/2-1/2

[Event "6th Sharjah Masters 2023"]
[Site "Sharjah UAE"]
[Date "2023.05.22"]
[Round "6.30"]
[White "Erdos, Viktor"]
[Black "Yoo, Christopher Woojin"]
[Result "1/2-1/2"]
[WhiteTitle "GM"]
[BlackTitle "GM"]
[WhiteElo "2565"]
[BlackElo "2607"]
[WhiteFideId "719978"]
[BlackFideId "30909694"]
[EventDate "2023.05.17"]
[EventType "swiss"]

1. e4 e5 2. Nf3 Nc6 3. Nc3 Nf6 4. h3 d5 5. exd5 Nxd5 6. Bb5 Nxc3 7. bxc3 Bd6 8.
O-O O-O 9. d4 exd4 10. cxd4 a6 11. Be2 Qf6 12. Rb1 Bf5 13. Rxb7 Nb4 14. c3 Nd5
15. Rb3 a5 16. Bc4 Be6 17. Ng5 a4 18. Rb2 a3 19. Rb3 Ne3 20. Qd3 Qxg5 21. Bxe3
Bxc4 22. Qxc4 Qf5 23. Rb5 Qe4 24. Qb3 c6 25. Rb7 Rab8 26. c4 Rxb7 27. Qxb7 Rb8
28. Qd7 Bf8 29. d5 cxd5 30. Qxd5 Qxd5 31. cxd5 Rb2 32. Rc1 f6 33. Bc5 Bxc5 34.
Rxc5 Rxa2 35. Ra5 Kf7 36. Ra7+ Ke8 37. g4 Ra1+ 38. Kg2 a2 39. d6 g5 40. Kh2 Kd8
41. Kg2 Ke8 42. Kh2 Kd8 43. Kg2 Ke8 1/2-1/2

[Event "6th Sharjah Masters 2023"]
[Site "Sharjah UAE"]
[Date "2023.05.22"]
[Round "6.31"]
[White "Vescovi, Giovanni"]
[Black "Tin, Jingyao"]
[Result "1/2-1/2"]
[WhiteTitle "GM"]
[BlackTitle "GM"]
[WhiteElo "2606"]
[BlackElo "2576"]
[WhiteFideId "2100789"]
[BlackFideId "5804418"]
[EventDate "2023.05.17"]
[EventType "swiss"]

1. d4 d5 2. c4 c6 3. Nf3 Nf6 4. Nc3 e6 5. cxd5 exd5 6. Qc2 g6 7. Bg5 Be7 8. e3
Bf5 9. Bd3 Bxd3 10. Qxd3 O-O 11. O-O Nbd7 12. h3 Re8 13. Bf4 Nb6 14. Ne5 Nfd7
15. Nf3 Nf8 16. Rab1 a5 17. Rfe1 Ne6 18. Be5 Nc4 19. Bg3 Ng5 20. Nxg5 Bxg5 21.
Re2 Nd6 22. Rbe1 Nf5 23. Bh2 Bf6 24. Na4 Re7 25. Qd1 h5 26. Nc5 h4 27. Nd3 a4
28. Qd2 Qb6 29. Qb4 Qa6 30. Rd2 Bg7 31. Rc1 Bf8 32. Qc3 Ree8 33. Qc2 Qa5 34. Qd1
Bh6 35. Be5 Bg7 36. Rdc2 Bxe5 37. Nxe5 Kg7 38. Rb1 Ra6 39. Rc3 Ra7 40. Nd3 Nd6
41. Qg4 Qd8 42. Ne5 Qe7 43. Rf1 Ne4 44. Rc2 Ra6 45. Rd1 Nd6 46. Rd3 Ne4 47. Rd1
Nd6 48. Rdc1 Ne4 49. Nf3 Rh8 50. Qf4 Qd6 51. Qxd6 Nxd6 52. Kf1 f6 53. Ke2 g5 54.
Kd3 Rb6 55. Nd2 Ra8 56. Re1 Re8 57. Nb1 f5 58. Nc3 Ra6 59. f3 Re7 60. Rce2 Ra8
61. e4 dxe4+ 62. fxe4 fxe4+ 63. Nxe4 Nxe4 64. Rxe4 Rxe4 65. Rxe4 Kf6 66. Re5 b6
67. Kc4 Rd8 68. b4 axb3 69. axb3 c5 70. Rd5 Rxd5 71. Kxd5 cxd4 72. Kxd4 Kf5 73.
Ke3 g4 74. hxg4+ Kxg4 75. Kf2 b5 76. Kg1 Kg3 77. b4 Kf4 78. Kh2 Kg4 79. Kg1 Kg3
80. Kh1 h3 81. gxh3 Kxh3 82. Kg1 Kg3 83. Kf1 Kf3 84. Ke1 Ke3 85. Kd1 Kd3 86. Kc1
Kc3 87. Kb1 Kxb4 88. Kb2 1/2-1/2

[Event "6th Sharjah Masters 2023"]
[Site "Sharjah UAE"]
[Date "2023.05.22"]
[Round "6.32"]
[White "Sethuraman, S.P."]
[Black "Kobalia, Mikhail"]
[Result "1-0"]
[WhiteTitle "GM"]
[BlackTitle "GM"]
[WhiteElo "2626"]
[BlackElo "2578"]
[WhiteFideId "5021596"]
[BlackFideId "4119150"]
[EventDate "2023.05.17"]
[EventType "swiss"]

1. e4 e5 2. Nf3 Nc6 3. Bc4 Bc5 4. d3 Nf6 5. Bg5 h6 6. Bh4 Be7 7. Bg3 d6 8. c3
O-O 9. h3 Kh8 10. Nbd2 Nh7 11. Nf1 f5 12. exf5 Bxf5 13. Ne3 Bg6 14. O-O Qd7 15.
d4 exd4 16. cxd4 Be4 17. Bd5 Bxd5 18. Nxd5 Bg5 19. Qb3 Qf7 20. h4 Bf6 21. Rac1
Bxd4 22. Qxb7 Qxd5 23. Rxc6 Bxb2 24. Rxc7 Qxa2 25. Bxd6 Rfb8 26. Qe4 Nf6 27. Qg6
Ne8 28. Ne5 Bxe5 29. Bxe5 Qg8 30. Qxh6+ Qh7 31. Qxh7+ Kxh7 32. Rxa7 Rxa7 33.
Bxb8 Ra4 34. Bg3 Nf6 35. Re1 Ng4 36. f3 Nh6 37. Re5 Kg6 38. Rg5+ Kf7 39. h5 Kf6
40. Rg6+ Kf7 41. Be5 Nf5 42. Rg5 1-0

[Event "6th Sharjah Masters 2023"]
[Site "Sharjah UAE"]
[Date "2023.05.22"]
[Round "6.33"]
[White "Puranik, Abhimanyu"]
[Black "Acs, Peter"]
[Result "1-0"]
[WhiteTitle "GM"]
[BlackTitle "GM"]
[WhiteElo "2613"]
[BlackElo "2561"]
[WhiteFideId "5061245"]
[BlackFideId "708020"]
[EventDate "2023.05.17"]
[EventType "swiss"]

1. e4 c5 2. Nf3 d6 3. d4 cxd4 4. Nxd4 Nf6 5. Nc3 Nc6 6. Bg5 e6 7. Qd2 a6 8.
O-O-O Bd7 9. f4 Be7 10. Nf3 b5 11. Bxf6 gxf6 12. f5 Qb6 13. Kb1 O-O-O 14. Bd3
Kb8 15. Qh6 Qc5 16. Qh5 Rhf8 17. Ne2 Bc8 18. Nf4 d5 19. fxe6 fxe6 20. exd5 Nb4
21. Qxh7 e5 22. a3 Nxd5 23. Nxd5 Rxd5 24. Bf5 Bb7 25. Be4 Rxd1+ 26. Rxd1 Bc8 27.
Bf5 Bxf5 28. Qxf5 Qc4 29. Rd7 Rd8 30. Nd2 Qc8 31. Rxd8 Qxd8 32. Nb3 Qd1+ 33. Ka2
Kc7 34. h4 Qd7 35. Qf2 Qe6 36. h5 Bf8 37. Kb1 f5 38. g4 f4 39. Qa7+ Kd8 40. Qb8+
Ke7 41. Nc5 Qd5 42. Qc7+ Ke8 43. Nd3 Bd6 44. Qc8+ Ke7 45. Qf5 Qe6 46. Qh7+ Qf7
47. Qe4 Qc4 48. Qb7+ Ke6 49. h6 e4 50. h7 exd3 51. h8=Q dxc2+ 52. Kc1 Qf1+ 53.
Kxc2 Qe2+ 54. Kb1 Qf1+ 55. Ka2 Qc4+ 56. b3 Qc2+ 57. Qb2 1-0

[Event "6th Sharjah Masters 2023"]
[Site "Sharjah UAE"]
[Date "2023.05.22"]
[Round "6.34"]
[White "Mastrovasilis, Dimitrios"]
[Black "Can, Emre"]
[Result "1-0"]
[WhiteTitle "GM"]
[BlackTitle "GM"]
[WhiteElo "2603"]
[BlackElo "2575"]
[WhiteFideId "4202694"]
[BlackFideId "6302181"]
[EventDate "2023.05.17"]
[EventType "swiss"]

1. e4 c5 2. Nf3 d6 3. Bb5+ Nd7 4. Ba4 Nf6 5. O-O e6 6. d3 Be7 7. c4 O-O 8. Nc3
a6 9. Qe2 Qc7 10. h3 Rd8 11. d4 cxd4 12. Nxd4 Ne5 13. Bb3 Bd7 14. f4 Nc6 15. Be3
Rac8 16. Rac1 Na5 17. f5 e5 18. Nc2 Nxc4 19. Bg5 h6 20. Bxf6 Qc5+ 21. Ne3 Nxe3
22. Nd5 Qd4 23. Nxe7+ Kf8 24. Nxc8 Nxf1+ 25. Kxf1 Bb5 26. Be7+ Kg8 27. Rc4 Bxc4
28. Qxc4 Qxc4+ 29. Bxc4 Rxc8 30. Bd5 Rc1+ 31. Ke2 Rc2+ 32. Kf3 Rxb2 33. Bxd6 b5
34. Bxe5 Rd2 35. Bc7 Kf8 36. Ba5 Rd3+ 37. Ke2 1-0

[Event "6th Sharjah Masters 2023"]
[Site "Sharjah UAE"]
[Date "2023.05.22"]
[Round "6.35"]
[White "Piorun, Kacper"]
[Black "Van Foreest, Lucas"]
[Result "1-0"]
[WhiteTitle "GM"]
[BlackTitle "GM"]
[WhiteElo "2601"]
[BlackElo "2556"]
[WhiteFideId "1130420"]
[BlackFideId "1039792"]
[EventDate "2023.05.17"]
[EventType "swiss"]

1. Nf3 d5 2. g3 g6 3. Bg2 Bg7 4. c4 dxc4 5. Qa4+ Nc6 6. Qxc4 e5 7. Nc3 Nge7 8.
d3 Be6 9. Qa4 h6 10. O-O O-O 11. Bd2 Nd4 12. Rfc1 c6 13. Ne1 Nd5 14. Qd1 Bg4 15.
f3 Be6 16. e3 Nf5 17. Qe2 b6 18. Nc2 Rc8 19. Nd1 Nde7 20. e4 Nd4 21. Nxd4 Qxd4+
22. Be3 Qd6 23. Qd2 c5 24. Bxh6 Bxh6 25. Qxh6 Qxd3 26. Ne3 Qd4 27. b3 Rcd8 28.
h4 f6 29. Rd1 Qc3 30. Rac1 Qb2 31. h5 gxh5 32. Nd5 Bxd5 33. exd5 Nf5 34. Qxh5
Ng7 35. Qg6 Rd6 36. Bh3 Rfd8 37. Rc2 Qa3 38. Bf5 1-0

[Event "6th Sharjah Masters 2023"]
[Site "Sharjah UAE"]
[Date "2023.05.22"]
[Round "6.36"]
[White "Peralta, Fernando"]
[Black "Mishra, Abhimanyu"]
[Result "1/2-1/2"]
[WhiteTitle "GM"]
[BlackTitle "GM"]
[WhiteElo "2596"]
[BlackElo "2550"]
[WhiteFideId "105309"]
[BlackFideId "30920019"]
[EventDate "2023.05.17"]
[EventType "swiss"]

1. d4 d5 2. c4 c6 3. Nf3 Nf6 4. Nc3 e6 5. e3 Nbd7 6. Bd3 dxc4 7. Bxc4 b5 8. Bd3
Bd6 9. Qc2 Bb7 10. e4 e5 11. Bg5 h6 12. Bh4 Qc7 13. O-O-O O-O 14. dxe5 Nxe5 15.
Bxf6 gxf6 16. Nh4 Bc8 17. Kb1 Be6 18. Nf5 b4 19. Na4 Bxf5 20. exf5 Rad8 21. Be4
c5 22. Bd5 Rfe8 23. Rhe1 Bf8 24. g3 Nc6 25. Rxe8 Rxe8 26. Nxc5 Nd4 27. Rxd4 Re1+
28. Rd1 Rxd1+ 29. Qxd1 Bxc5 1/2-1/2

[Event "6th Sharjah Masters 2023"]
[Site "Sharjah UAE"]
[Date "2023.05.22"]
[Round "6.37"]
[White "Vasquez Schroeder, Rodrigo"]
[Black "Adhiban, Baskaran"]
[Result "0-1"]
[WhiteTitle "GM"]
[BlackTitle "GM"]
[WhiteElo "2524"]
[BlackElo "2589"]
[WhiteFideId "3400042"]
[BlackFideId "5018471"]
[EventDate "2023.05.17"]
[EventType "swiss"]

1. e4 c5 2. Nf3 e6 3. d4 cxd4 4. Nxd4 Nc6 5. Nb5 d6 6. c4 Nf6 7. N1c3 a6 8. Nd4
Be7 9. Be2 O-O 10. O-O Ne5 11. b3 Bd7 12. a4 Rc8 13. Be3 Qa5 14. Bd2 Qb6 15. Be3
Qa5 16. Bd2 Qc7 17. Rc1 Qb8 18. Be3 Bd8 19. Kh1 Ba5 20. f3 h6 21. Bd2 Rfe8 22.
Re1 Ng6 23. Bf1 Bc7 24. g3 h5 25. Bg5 Nh7 26. Be3 Ba5 27. Re2 h4 28. Bf2 hxg3
29. hxg3 Nf6 30. Rec2 Rc5 31. Bg2 Rh5+ 32. Kg1 Ne5 33. Nde2 Bc6 34. Nd4 Rd8 35.
Nce2 Be8 36. Nf4 Rh6 37. g4 d5 38. g5 dxe4 39. Be3 exf3 40. Bxf3 Bc6 41. Bxc6
Nxc6 42. gxh6 Nxd4 43. Rg2 Qe5 44. Rxg7+ Kh8 45. Ng2 Nf5 46. Qf3 Nxg7 47. hxg7+
Kxg7 48. Rf1 Bc7 49. Nf4 Rg8 50. Rf2 Kf8+ 51. Kf1 Qa1+ 52. Ke2 Qb2+ 53. Bd2 Qe5+
54. Kd1 Rg1+ 55. Kc2 Qe4+ 56. Qxe4 Nxe4 57. Nxe6+ Kg8 58. Re2 Ng3 59. Re3 fxe6
60. Rxe6 Nf5 61. Re8+ Kf7 62. Rc8 Be5 63. Rd8 Nd4+ 64. Kd3 Nxb3 0-1

[Event "6th Sharjah Masters 2023"]
[Site "Sharjah UAE"]
[Date "2023.05.22"]
[Round "6.38"]
[White "Socko, Bartosz"]
[Black "Dragnev, Valentin"]
[Result "1/2-1/2"]
[WhiteTitle "GM"]
[BlackTitle "GM"]
[WhiteElo "2591"]
[BlackElo "2593"]
[WhiteFideId "1107038"]
[BlackFideId "1634852"]
[EventDate "2023.05.17"]
[EventType "swiss"]

1. d4 Nf6 2. c4 e6 3. Nf3 d5 4. g3 dxc4 5. Bg2 Bb4+ 6. Bd2 a5 7. Qc2 O-O 8. Qxc4
b6 9. Qc2 Bxd2+ 10. Nbxd2 Bb7 11. O-O Nbd7 12. Rfd1 c5 13. dxc5 Rc8 14. Rac1
Rxc5 15. Qa4 Qb8 16. Nb3 Rxc1 17. Rxc1 Rc8 1/2-1/2

[Event "6th Sharjah Masters 2023"]
[Site "Sharjah UAE"]
[Date "2023.05.22"]
[Round "6.39"]
[White "Petkov, Momchil"]
[Black "Iskandarov, Misratdin"]
[Result "1/2-1/2"]
[WhiteTitle "GM"]
[BlackTitle "GM"]
[WhiteElo "2522"]
[BlackElo "2577"]
[WhiteFideId "2921642"]
[BlackFideId "13400312"]
[EventDate "2023.05.17"]
[EventType "swiss"]

1. d4 Nf6 2. c4 e6 3. Nc3 Bb4 4. Nf3 O-O 5. Bg5 d5 6. e3 c5 7. cxd5 exd5 8. Bd3
cxd4 9. Nxd4 Nc6 10. O-O Nxd4 11. exd4 Be6 12. Rc1 Be7 13. Nb5 h6 14. Bf4 Ne8
15. Nc7 Nxc7 16. Rxc7 Rb8 17. Qb3 1/2-1/2

[Event "6th Sharjah Masters 2023"]
[Site "Sharjah UAE"]
[Date "2023.05.20"]
[Round "4.9"]
[White "Vakhidov, Jakhongir"]
[Black "Predke, Alexandr"]
[Result "1/2-1/2"]
[WhiteTitle "GM"]
[BlackTitle "GM"]
[WhiteElo "2607"]
[BlackElo "2685"]
[WhiteFideId "14201801"]
[BlackFideId "24107581"]
[EventDate "2023.05.17"]
[EventType "swiss"]

1. c4 c5 2. Nf3 Nf6 3. g3 b6 4. Bg2 Bb7 5. O-O g6 6. d3 Bg7 7. e4 O-O 8. Nc3 Nc6
9. h3 Ne8 10. Be3 Rc8 11. Rc1 d6 12. Qd2 Nc7 13. h4 Ne6 14. Ne2 Ne5 15. Nxe5
dxe5 16. h5 f5 17. hxg6 hxg6 18. exf5 Bxg2 19. Kxg2 gxf5 1/2-1/2

[Event "6th Sharjah Masters 2023"]
[Site "Sharjah UAE"]
[Date "2023.05.20"]
[Round "4.32"]
[White "Piorun, Kacper"]
[Black "Acs, Peter"]
[Result "0-1"]
[WhiteTitle "GM"]
[BlackTitle "GM"]
[WhiteElo "2601"]
[BlackElo "2561"]
[WhiteFideId "1130420"]
[BlackFideId "708020"]
[EventDate "2023.05.17"]
[EventType "swiss"]

1. d4 Nf6 2. c4 e6 3. Nf3 d5 4. e3 b6 5. Bd3 Bd6 6. O-O Bb7 7. cxd5 exd5 8. Nc3
O-O 9. b3 a6 10. Bb2 Nbd7 11. Rc1 Re8 12. Qc2 Ne4 13. Ne2 Rc8 14. Ng3 g6 15.
Rfd1 Qe7 16. a4 h5 17. Qe2 h4 18. Nf1 h3 19. gxh3 Qe6 20. Kg2 Kg7 21. Bxe4 Qxe4
22. Ng3 Qe6 23. Rg1 Rh8 24. h4 Nf6 25. Kh1 Rce8 26. Rg2 Bc8 27. Ng5 Qe7 28. e4
dxe4 29. d5 Rxh4 30. Ne6+ Bxe6 31. dxe6 Qxe6 32. Nh5+ Rxh5 33. Qxh5 Qxb3 34. Qe2
Qf3 35. Qc2 Be5 36. Kg1 c5 37. Bxe5 Rxe5 38. Qb2 Rd5 39. Rg3 Rd1+ 40. Rxd1 Qxd1+
41. Kg2 Qd5 42. Kg1 Qe6 43. Rb3 Kh7 44. Rxb6 Qg4+ 45. Kf1 Qd1+ 46. Kg2 Qf3+ 47.
Kg1 Qg4+ 48. Kf1 Qd1+ 49. Kg2 Nd5 50. Rb3 Qg4+ 51. Kf1 Qd1+ 52. Kg2 Nf4+ 53. Kg3
Nd3 0-1

[Event "6th Sharjah Masters 2023"]
[Site "Sharjah UAE"]
[Date "2023.05.20"]
[Round "4.33"]
[White "Peralta, Fernando"]
[Black "Moroni, Luca Jr"]
[Result "1/2-1/2"]
[WhiteTitle "GM"]
[BlackTitle "GM"]
[WhiteElo "2596"]
[BlackElo "2535"]
[WhiteFideId "105309"]
[BlackFideId "865834"]
[EventDate "2023.05.17"]
[EventType "swiss"]

1. e4 c5 2. c3 d5 3. exd5 Qxd5 4. d4 Nf6 5. Nf3 Bg4 6. dxc5 Qxd1+ 7. Kxd1 Nc6 8.
Be3 Nd5 9. Bb5 O-O-O 10. Ke2 e5 11. h3 Bxf3+ 12. gxf3 Nf4+ 13. Bxf4 exf4 14. b4
Be7 15. Bxc6 bxc6 16. Rd1 Bf6 17. Rd2 Rde8+ 18. Kf1 Rd8 19. Ke1 Rde8+ 20. Re2
Rd8 21. Rd2 Rde8+ 22. Kf1 Rd8 23. Ke1 1/2-1/2

[Event "6th Sharjah Masters 2023"]
[Site "Sharjah UAE"]
[Date "2023.05.20"]
[Round "4.34"]
[White "Vasquez Schroeder, Rodrigo"]
[Black "Ivic, Velimir"]
[Result "1/2-1/2"]
[WhiteTitle "GM"]
[BlackTitle "GM"]
[WhiteElo "2524"]
[BlackElo "2595"]
[WhiteFideId "3400042"]
[BlackFideId "950122"]
[EventDate "2023.05.17"]
[EventType "swiss"]

1. d4 d5 2. c4 e6 3. Nf3 Nf6 4. Nc3 Nbd7 5. cxd5 exd5 6. Bf4 c6 7. Qc2 Be7 8. h3
Nf8 9. e3 Ng6 10. Bh2 Bd6 11. Ne5 Qe7 12. f4 O-O 13. Bd3 c5 14. O-O a6 15. g4 c4
16. Be2 Bb4 17. f5 Nxe5 18. dxe5 Bxc3 19. Qxc3 Ne4 20. Qd4 b5 21. Bf3 Rd8 22. f6
gxf6 23. Bxe4 dxe4 24. exf6 Qe8 25. Bd6 Kh8 26. Rad1 a5 27. Qc5 Be6 28. Bf4 Rac8
29. Qe5 Qc6 30. Bh6 Rd5 31. Rxd5 Qxd5 32. Qxd5 Bxd5 33. Rf5 Rd8 34. Rg5 b4 35.
Bg7+ Kg8 36. Bh6+ Kh8 37. Bg7+ Kg8 38. Bh6+ 1/2-1/2

[Event "6th Sharjah Masters 2023"]
[Site "Sharjah UAE"]
[Date "2023.05.22"]
[Round "6.14"]
[White "Aditya, Mittal"]
[Black "Cheparinov, Ivan"]
[Result "1/2-1/2"]
[WhiteTitle "GM"]
[BlackTitle "GM"]
[WhiteElo "2522"]
[BlackElo "2660"]
[WhiteFideId "35042025"]
[BlackFideId "2905540"]
[EventDate "2023.05.17"]
[EventType "swiss"]

1. Nf3 d5 2. d4 Nf6 3. c4 e6 4. Nc3 Bb4 5. Bg5 h6 6. Bxf6 Qxf6 7. Qb3 c5 8. cxd5
exd5 9. dxc5 Bxc3+ 10. Qxc3 Qxc3+ 11. bxc3 Na6 12. Rd1 Be6 13. e4 dxe4 14. Bxa6
bxa6 15. Nd4 Rc8 16. c6 Bxa2 17. Ra1 Bc4 18. Kd2 O-O 19. Ke3 Bb5 20. Rhc1 f5 21.
g3 g5 1/2-1/2

[Event "6th Sharjah Masters 2023"]
[Site "Sharjah UAE"]
[Date "2023.05.23"]
[Round "7.2"]
[White "Yu, Yangyi"]
[Black "Oparin, Grigoriy"]
[Result "1/2-1/2"]
[WhiteTitle "GM"]
[BlackTitle "GM"]
[WhiteElo "2729"]
[BlackElo "2667"]
[WhiteFideId "8603820"]
[BlackFideId "24125890"]
[EventDate "2023.05.17"]
[EventType "swiss"]

1. d4 Nf6 2. c4 e6 3. Nc3 Bb4 4. Qc2 d5 5. cxd5 exd5 6. Bg5 h6 7. Bh4 g5 8. Bg3
Nc6 9. e3 h5 10. h4 Ne4 11. Bh2 Qe7 12. Bd3 Nxd4 13. exd4 Nxc3+ 14. Kf1 Ne4 15.
f3 Nd2+ 16. Kf2 Nc4 17. Bxc4 dxc4 18. hxg5 Be6 19. Be5 O-O-O 20. Bf6 Qd7 21. Ne2
Be7 22. Bxh8 Rxh8 23. Qc3 Bd5 24. b3 cxb3 25. axb3 a6 26. Nf4 Bxg5 27. Nxd5 Qxd5
28. Ra5 Qd8 29. Qc4 h4 30. Qd5 Bf6 31. Qf5+ Kb8 32. Rd5 Bxd4+ 33. Kf1 Qf6 34.
Qxf6 Bxf6 35. g4 Bc3 36. Kg2 b5 37. f4 f6 38. Kh3 Kb7 39. g5 fxg5 40. fxg5 Kb6
41. g6 a5 42. Rg1 c6 43. Rf5 Rg8 44. Kxh4 Bd4 45. Rd1 c5 46. Kg5 b4 47. Rxd4
cxd4 48. Rd5 d3 49. Kf6 Rf8+ 50. Kg5 Rg8 51. Rd4 Kb5 52. Rd5+ Kb6 1/2-1/2

[Event "6th Sharjah Masters 2023"]
[Site "Sharjah UAE"]
[Date "2023.05.23"]
[Round "7.3"]
[White "Korobov, Anton"]
[Black "Sjugirov, Sanan"]
[Result "1/2-1/2"]
[WhiteTitle "GM"]
[BlackTitle "GM"]
[WhiteElo "2664"]
[BlackElo "2712"]
[WhiteFideId "14105730"]
[BlackFideId "4189302"]
[EventDate "2023.05.17"]
[EventType "swiss"]

1. c4 Nf6 2. Nc3 e5 3. Nf3 Nc6 4. e3 Bb4 5. Qc2 Bxc3 6. Qxc3 Qe7 7. d4 e4 8. Nd2
d5 9. a3 a6 10. cxd5 Nxd5 11. Qc5 Qe6 12. b4 Nce7 13. Bb2 O-O 14. g3 Bd7 15. Qc2
f5 16. Nc4 Kh8 17. Rc1 Nc8 18. Be2 Nd6 19. Ne5 Bb5 20. O-O c6 21. h4 Nf7 22.
Rfe1 Bxe2 23. Qxe2 Rad8 24. Rc5 1/2-1/2